| 000 | 00612nam a2200205Ia 4500 | ||
|---|---|---|---|
| 003 | OSt | ||
| 005 | 20230607101319.0 | ||
| 008 | 210423s2003 xx 000 0 und d | ||
| 040 | _cAL | ||
| 041 | _aeng | ||
| 082 |
_a338.9 JOGG _223 |
||
| 100 |
_aJOGDAND (P G);MICHAEL (S M) _9121162 |
||
| 245 | _aGlobalization and social movements: struggle for a human society | ||
| 260 |
_bRawat Publications _c2003 |
||
| 365 |
_b550 _cINR |
||
| 650 |
_aEconomics _9121163 |
||
| 650 |
_aEconomics of Development _9121164 |
||
| 906 | _aGlobalization ; human ; movements: ; social ; society ; struggle | ||
| 942 |
_2ddc _cBK |
||
| 999 |
_c173840 _d173840 |
||